On This Day: June 8th II Quiz Stats

 Plays Quiz Updated Jun 8, 2018

Score 0/7 Timer 03:00
0 Plays Today
Question Answer Wrong Answers
This American supernatural comedy film, which was written by Dan Aykroyd and Harold Ramis, is released.
1984
Ghostbusters
91.3%
Beetlejuice
2.9%
Coneheads
2.2%
Gremlins
1.2%
This US President addresses the British Parliament, giving his well-known ‘ash heap of history’ speech in reference to Marxism and Leninism.
1982
Ronald Reagan
86.8%
Jimmy Carter
5.7%
George H. W. Bush
2.7%
Gerald Ford
2.5%
The National Football League and the ______ announce their intentions to merge, which becomes effective in 1970.
1966
American Football League
83.7%
Continental Football League
1%
United Football League
3.4%
National Football Association
9.9%
As part of a campaign to reunify China, the National Revolutionary Army captures this city, whose name is eventually changed to Beijing.
1928
Peking
78.6%
Shanghai
11.3%
Nanking
7.5%
Edo
2.5%
This English computer scientist, credited as the inventor of the World Wide Web, is born.
1955
Tim Berners-Lee
68.4%
Steve Wozniak
14.1%
Larry Page
8.3%
Paul Allen
7.5%
The British General Election results in a hung parliament, and Prime Minister ______ and the Conservative party lose their majority.
2017
Theresa May
55.8%
David Cameron
31.4%
Angela Merkel
2.8%
Gordon Brown
7.1%
The first World ______ Day is celebrated, coinciding with the Earth Summit being held in Rio de Janeiro, Brazil.
1992
Oceans
25.4%
Mountains
1.4%
Compost
2.6%
Recycling
68%

You're not logged in!

Compare scores with friends on all Sporcle quizzes.
OR
Log In

Sporcle TV

Today on Sporcle TV


Watch our educational content, quiz creation guides, and fun videos on Sporcle TV.

Show Comments

Extras

Top Quizzes Today


Score Distribution

Your Account Isn't Verified!

In order to create a playlist on Sporcle, you need to verify the email address you used during registration. Go to your Sporcle Settings to finish the process.

Report this User

Report this user for behavior that violates our Community Guidelines.

Details: